Sobre la naturaleza de la lógica
محفوظ في:
| المؤلف الرئيسي: | |
|---|---|
| مؤلفون آخرون: | , |
| التنسيق: | كتاب |
| اللغة: | الإسبانية |
| منشور في: |
México, D.F., México:
Universidad Nacional Autónoma de México,
1994.
|
| الطبعة: | Primera edición en español. |
| سلاسل: | Colección Estudios Clásicos.
|
| الموضوعات: | |
| الوسوم: |
إضافة وسم
لا توجد وسوم, كن أول من يضع وسما على هذه التسجيلة!
|
MARC
| LEADER | 00000nam a2200000 a 4500 | ||
|---|---|---|---|
| 001 | UCU4377 | ||
| 003 | CL-VaPUC | ||
| 005 | 20211229125342.0 | ||
| 008 | 960517e19940000MX |||||||||||||||||spa|d | ||
| 999 | |c 248111 |d 248109 | ||
| 020 | |a 968-36-3600-4 | ||
| 040 | |c Pontificia Universidad Católica de Valparaíso | ||
| 082 | 0 | 4 | |a 160 SAN 1994 |2 21 |
| 100 | 0 | |a Santo Tomás, Juan de |e autor |9 361935 | |
| 245 | 1 | 0 | |a Sobre la naturaleza de la lógica |
| 250 | |a Primera edición en español. | ||
| 260 | |a México, D.F., México: |b Universidad Nacional Autónoma de México, |c 1994. | ||
| 300 | |a 213 páginas. | ||
| 490 | 0 | |a Colección Estudios Clásicos. | |
| 583 | |a last modification |c 19960517 00:00:00 |k Rodrigo Vera | ||
| 650 | 0 | |a Lógica |9 256849 | |
| 650 | 0 | |a Filosofía |9 223554 | |
| 650 | 0 | |a Metafísica |9 265649 | |
| 700 | |a Beuchot, Mauricio |9 316803 |e introducción | ||
| 700 | |a Ferrer, Gabriel |e traducción |9 865515 | ||
| 942 | |c BK |2 ddc | ||
| 945 | |d 19960517 00:00:00 |a rleighto | ||
| 952 | |0 0 |1 0 |4 0 |6 160_000000000000000_SAN_1994 |7 0 |8 A |9 264528 |a BIBEDU |b BIBEDU |d 2019-11-19 |i 3201333 |l 1 |o 160 SAN 1994 |p 3201333 |r 2024-12-20 |s 2024-12-13 |w 2019-11-19 |y BK |k FIL | ||